000 00890nac a22002657a 4500
001 BR7100746
003 BR-BrBNA
005 20240105113419.0
008 230509b bl.|||m| |||| 00| 0 por d
040 _aBR-BrBNA
_bpor
_cBiblioteca Nacional de Agricultura
072 _aF30
090 _a0430 BR7100746
100 1 _aMangueira, O.B.
110 1 _aInstituto de Pesquisas Agronomicas, Recife, PE (Brasil)
_96142
245 1 _aTaxa de alogamia na cultura do algodoeiro moco (Gossypium hirsutum marie-galante Hutch)[Cruzamento vegetal]
260 3 _aRecife, PE (Brasil):
_c1971.
300 _a22 p.
490 _aBoletim Tecnico - Instituto de Pesquisas Agronomicas (Brazil)
_vno. 50
_x
500 _a13 ref.; 5 tables
650 _aCRUZAMENTO VEGETAL
650 _aHIBRIDO
650 _aALGODAO MOCO
909 _a202312
_bLúcia Elande
_c55
_dLúcia Elande
942 _2AGRIS
_n0
_cMS
999 _c263583
_d263583